| 000 | 00471nam a22001457a 4500 | ||
|---|---|---|---|
| 020 | _qHB. | ||
| 040 | _cFIZZA ISHAQ | ||
| 082 |
_a303.4833 _bPIS |
||
| 100 |
_a Piscione, Deborah Perry. _9133983 |
||
| 245 |
_a Secrets of Silicon Valley : what everyone else can learn from the innovation capital of the world / _cDeborah Perry , Piscione. |
||
| 250 | _aFrist ED. | ||
| 260 |
_aNew York : _b Palgrave Macmillan, _c 2013. |
||
| 300 |
_a249 p. ; _c 25 cm |
||
| 942 |
_2ddc _cBK |
||
| 999 |
_c616899 _d616899 |
||